000 04118nam a2200301 i 4500
003 CSPC
005 20250324165640.0
008 250321s2023 -uka 001 0 eng d
020 _a9781803235035
040 _cCSPC
_aCSPC
_beng
_erda
050 0 4 _aQA76.9.D3
082 0 4 _223
_a005.74
_bD465s
100 1 _aDesmurs-Linczewska, Aleksandra,
_eauthor.
245 1 0 _aSimplifying state management in react native :
_bmaster state management from hooks and context through to Redux, MobX, XState and Jotai and react query /
_cAleksandra Desmurs-Linczewska.
250 _aFirst edition.
264 1 _aBirmingham, UK :
_bPackt Publishing Ltd.,
_c2023.
300 _axvii, 183 pages :
_billustrations ;
_c24 cm.
336 _2rdacontent
_atext
337 _2rdamedia
_aunmediated
338 _2rdacarrier
_avolume
500 _aIncludes index.
505 0 _aPart 1. Learn the basics: intro to react, states, props, hooks, and context -- What are react and react native? -- Managing state in a simple react app -- Part 2. Creating a real, working app -- Planning and setting up the funbook app -- Styling and populating the funbook app -- Part 3. Exploring various libraries for state management in react native -- Implementing redux in our funbook app -- Using MobX as a state manager in a react native app -- Untangling complex flows in react native apps with XState -- Integrating Jotai in a react native app -- Using react query for server-side-driven state management.
520 _aMake fact-based decisions by comparing different solutions and learning popular ways to manage state in React Native with clear guidelines and recommendations by a React Native expert Key Features Explore the big picture of state management in React Native using the most simplified version Implement state management solutions by building a social media clone app Compare different state solutions in a contained environment to choose the best fit for your future projects Book Description Managing state in a React Native app can be challenging as it is one of the most difficult concepts to grasp while learning React Native. This is because there are so many ways to do it, and because there is a lack of clear guidelines on what should be used and why. Simplifying State Management in React Native is a comprehensive introduction for those who are new to creating robust React Native apps that will have you up to speed in no time. You'll get to grips with the different state management strategies and libraries available. As you progress through the chapters, you'll try out different solutions, as well as compare and choose which solution is perfectly suited to your future projects and personal preferences. Finally, you'll create a social media clone app using all the concepts and examples that you've learned in this book. By the end of this book, you'll be able to take on existing projects that use various state management strategies and libraries, and confidently make decisions about state management. What you will learn Start out by going over the basic ReactJS "mindset" Explore all that ReactJS has to offer to manage state in apps by building an app Understand existing state management libraries such as Redux, MobX, XState, Jotai, and React Query Decide which libraries you want to use in your apps Design a social media app to fully understand state management Try out all the solutions presented in the book in a social media clone app Who this book is for This book is for junior developers, React Native developers, and mobile app developers who are already using React Native, but are also on the lookout for advice and for a broader view to manage the state and changes in their applications. Basic knowledge of ReactJS and React Native, as well as familiarity with JavaScript and general mobile app development concepts are needed to grasp the topics covered in this book
650 0 _aDatabase management.
650 0 _aReact Native.
942 _2ddc
_n0
_cBK
_e23
_h005.74
_iD465s
_kCIR
_m2023
999 _c29279
_d29279